zpět

Detail výsledku týmu

Max Beer Bar, Benešov

Datum a čas kvízu

23 Celkem bodů Celkový počet nahraných bodů na tomto kvízu bez doplňovacích otázek.
9. Pořadí na kvízu Konečné umístění týmu na tomto kvízu.

Zaznamenané odpovědi

# Otázka Odpověď Body Výsledky
1. V úterý byl odvolán ředitel je... Česká televize (ČT), Jan Souček 1
2. Na pozemku u bratislavského le... Sbohem (Zbohom) Fico 0
3. Minulý týden vyšlo album Ostra... Michal Prokop 1
4. Ve středu byl zveřejněn žebříč... Michal Strnad 0
5. Tři minuty a 57 sekund. Přesně... Španělsko 0
6. Podíváme se na historické udál... O. J. Simpson, americký fotbal 0
7. Seřaďte chronologicky tyto pol... 1B 2D 3C 4A 1
8. V České republice vystoupila o... D 1
9. Jak se nazývá stát, který vsto... Chorvatsko 1
10. Ve kterém městě získala samost... ve Vídni, Kanadu 1